[Event "European Women's Championship"]
[Site "Vysoke Tatry"]
[Date "2018.04.13"]
[Round "6"]
[White "Atalik, Ekaterina"]
[Black "Eric, Jovana"]
[Result "1-0"]
[Board "20"]
[WhiteElo "2452"]
[WhiteTitle "IM"]
[WhiteCountry "TUR"]
[WhiteFideId "4130189"]
[WhiteEloChange "3"]
[BlackElo "2300"]
[BlackTitle "WIM"]
[BlackCountry "SRB"]
[BlackFideId "938238"]
[BlackEloChange "-6"]

1. d4 {[%clk 1:30:56]} Nf6 {[%clk 1:30:52]} 2. Nf3 {[%clk 1:30:46]} e6 {[%clk
1:30:55]} 3. c4 {[%clk 1:30:31]} Bb4+ {[%clk 1:30:42]} 4. Nbd2 {[%clk 1:30:40]}
b6 {[%clk 1:29:36]} 5. g3 {[%clk 1:28:19]} Bb7 {[%clk 1:29:02]} 6. Bg2 {[%clk
1:28:03]} O-O {[%clk 1:28:55]} 7. O-O {[%clk 1:27:39]} d6 {[%clk 1:23:49]} 8. Nb3
{[%clk 1:21:08]} d5 {[%clk 1:22:20]} 9. c5 {[%clk 1:19:38]} bxc5 {[%clk 1:14:20]}
10. dxc5 {[%clk 1:18:03]} Ne4 {[%clk 1:13:34]} 11. Be3 {[%clk 1:14:08]} Nd7
{[%clk 1:11:04]} 12. Qc2 {[%clk 1:05:19]} c6 {[%clk 1:09:59]} 13. a3 {[%clk
0:57:23]} Ba5 {[%clk 1:10:22]} 14. Nxa5 {[%clk 0:57:32]} Qxa5 {[%clk 1:10:48]}
15. b4 {[%clk 0:51:50]} Qc7 {[%clk 1:10:15]} 16. Rfc1 {[%clk 0:51:05]} e5 {[%clk
1:04:41]} 17. Nh4 {[%clk 0:48:24]} Nef6 {[%clk 0:51:40]} 18. Nf5 {[%clk 0:46:36]}
Ba6 {[%clk 0:50:13]} 19. a4 {[%clk 0:43:53]} Rab8 {[%clk 0:45:35]} 20. Rab1
{[%clk 0:41:55]} Rfd8 {[%clk 0:28:42]} 21. Nd6 {[%clk 0:37:32]} h6 {[%clk
0:22:15]} 22. b5 {[%clk 0:29:36]} Bc8 {[%clk 0:22:31]} 23. h3 {[%clk 0:22:30]}
Nf8 {[%clk 0:19:15]} 24. f4 {[%clk 0:19:14]} Ng6 {[%clk 0:10:15]} 25. fxe5 {[%clk
0:17:20]} Nxe5 {[%clk 0:10:40]} 26. Bd4 {[%clk 0:14:34]} Qe7 {[%clk 0:09:56]} 27.
Qc3 {[%clk 0:14:36]} Nc4 {[%clk 0:06:33]} 28. Nxc4 {[%clk 0:11:17]} dxc4 {[%clk
0:06:58]} 29. bxc6 {[%clk 0:09:06]} Rxb1 {[%clk 0:06:23]} 30. Rxb1 {[%clk
0:09:32]} Qxe2 {[%clk 0:06:13]} 31. Re1 {[%clk 0:07:10]} Qd3 {[%clk 0:04:39]} 32.
Bxf6 {[%clk 0:07:24]} gxf6 {[%clk 0:04:44]} 33. Qxf6 {[%clk 0:07:32]} c3 {[%clk
0:03:42]} 34. c7 {[%clk 0:06:36]} Qd4+ {[%clk 0:02:54]} 35. Qxd4 {[%clk 0:04:04]}
Rxd4 {[%clk 0:03:19]} 36. Bf3 {[%clk 0:03:06]} c2 {[%clk 0:03:17]} 37. Bg4 {[%clk
0:01:09]} f5 {[%clk 0:02:11]} 38. Be2 {[%clk 0:00:59]} Rb4 {[%clk 0:01:56]} 39.
Bd3 {[%clk 0:01:15]} Kf8 {[%clk 0:01:40]} 40. Rc1 {[%clk 0:31:02]} Rd4 {[%clk
0:31:00]} 41. Bxc2 {[%clk 0:29:27]} Rc4 {[%clk 0:27:22]} 42. Rd1 {[%clk 0:29:07]}
Rxc2 {[%clk 0:25:58]} 43. Rd8+ {[%clk 0:29:30]} Ke7 {[%clk 0:26:23]} 44. Rxc8
{[%clk 0:29:48]} Rxc5 {[%clk 0:21:37]} 45. Rh8 {[%clk 0:28:55]} Rxc7 {[%clk
0:22:02]} 46. Rxh6 {[%clk 0:29:14]} Rc2 {[%clk 0:21:22]} 47. Ra6 {[%clk 0:26:35]}
Ra2 {[%clk 0:17:08]} 48. a5 {[%clk 0:24:33]} Kf7 {[%clk 0:17:18]} 49. Rxa7+
{[%clk 0:21:23]} Ke6 {[%clk 0:17:33]} 50. h4 {[%clk 0:16:47]} Kf6 {[%clk
0:14:05]} 51. a6 {[%clk 0:16:27]} Kg6 {[%clk 0:14:05]} 52. Ra8 {[%clk 0:16:26]}
Kg7 {[%clk 0:13:37]} 53. Kf1 {[%clk 0:15:17]} f4 {[%clk 0:12:24]} 54. g4 {[%clk
0:15:07]} Kf6 {[%clk 0:12:06]} 55. a7 {[%clk 0:15:07]} Kg7 {[%clk 0:12:06]} 56.
h5 {[%clk 0:14:58]} f3 {[%clk 0:09:39]} 57. g5 {[%clk 0:14:56]} f2 {[%clk
0:08:48]} 58. h6+ {[%clk 0:14:40]} 1-0

[Event "European Women's Championship"]
[Site "Vysoke Tatry"]
[Date "2018.04.13"]
[Round "6"]
[White "Zawadzka, Jolanta"]
[Black "Maltsevskaya, Aleksandra"]
[Result "0-1"]
[Board "21"]
[WhiteElo "2442"]
[WhiteTitle "WGM"]
[WhiteCountry "POL"]
[WhiteFideId "1122320"]
[WhiteEloChange "-8"]
[BlackElo "2237"]
[BlackCountry "RUS"]
[BlackFideId "24174041"]
[BlackEloChange "15"]

1. e4 {[%clk 1:30:58]} c6 {[%clk 1:30:54]} 2. d4 {[%clk 1:31:22]} d5 {[%clk
1:31:20]} 3. e5 {[%clk 1:31:48]} Bf5 {[%clk 1:31:44]} 4. c4 {[%clk 1:32:11]} e6
{[%clk 1:32:10]} 5. Nc3 {[%clk 1:32:37]} Ne7 {[%clk 1:32:03]} 6. Nge2 {[%clk
1:33:00]} dxc4 {[%clk 1:30:08]} 7. Ng3 {[%clk 1:33:12]} Bg6 {[%clk 1:28:33]} 8.
Bxc4 {[%clk 1:33:16]} Nd7 {[%clk 1:27:46]} 9. O-O {[%clk 1:28:53]} Qc7 {[%clk
1:23:38]} 10. f4 {[%clk 1:23:33]} Rd8 {[%clk 1:12:58]} 11. Qf3 {[%clk 1:13:24]}
h5 {[%clk 1:06:34]} 12. Be3 {[%clk 1:01:01]} Nb6 {[%clk 1:01:25]} 13. Bb3 {[%clk
1:00:28]} Nf5 {[%clk 1:00:37]} 14. Nxf5 {[%clk 0:58:13]} Bxf5 {[%clk 1:00:51]}
15. a4 {[%clk 0:57:37]} Nd5 {[%clk 0:49:29]} 16. a5 {[%clk 0:42:36]} Nxe3 {[%clk
0:39:19]} 17. Qxe3 {[%clk 0:42:58]} a6 {[%clk 0:39:47]} 18. Rfc1 {[%clk 0:36:57]}
Bb4 {[%clk 0:36:37]} 19. d5 {[%clk 0:24:18]} Bxa5 {[%clk 0:35:40]} 20. Kh1 {[%clk
0:24:37]} Qb6 {[%clk 0:35:15]} 21. Qxb6 {[%clk 0:24:41]} Bxb6 {[%clk 0:35:39]}
22. dxc6 {[%clk 0:25:06]} bxc6 {[%clk 0:36:04]} 23. Rxa6 {[%clk 0:19:23]} Be3
{[%clk 0:34:58]} 24. Re1 {[%clk 0:17:48]} Bd2 {[%clk 0:33:29]} 25. Rd1 {[%clk
0:08:27]} O-O {[%clk 0:31:58]} 26. Rxc6 {[%clk 0:07:34]} Bxf4 {[%clk 0:32:04]}
27. Re1 {[%clk 0:07:26]} Rb8 {[%clk 0:31:53]} 28. Bd1 {[%clk 0:07:34]} h4 {[%clk
0:31:00]} 29. Na4 {[%clk 0:05:37]} Rfd8 {[%clk 0:29:55]} 30. Bc2 {[%clk 0:04:21]}
Bxc2 {[%clk 0:27:44]} 31. Rxc2 {[%clk 0:04:49]} Bxe5 {[%clk 0:28:07]} 32. g3
{[%clk 0:04:56]} Bf6 {[%clk 0:27:40]} 33. Re4 {[%clk 0:03:39]} h3 {[%clk
0:26:56]} 34. Kg1 {[%clk 0:03:44]} Bd4+ {[%clk 0:24:59]} 35. Kf1 {[%clk 0:04:12]}
Rb4 {[%clk 0:25:21]} 36. b3 {[%clk 0:04:28]} e5 {[%clk 0:24:53]} 37. Rd2 {[%clk
0:03:04]} Rd6 {[%clk 0:23:12]} 38. Rd3 {[%clk 0:02:15]} f5 {[%clk 0:23:29]} 39.
Re2 {[%clk 0:02:36]} e4 {[%clk 0:23:49]} 40. Rd1 {[%clk 0:32:56]} Rxb3 {[%clk
0:54:04]} 41. Red2 {[%clk 0:32:29]} Rf3+ {[%clk 0:52:16]} 42. Ke1 {[%clk
0:32:22]} Bf2+ {[%clk 0:52:39]} 43. Ke2 {[%clk 0:32:41]} Rxd2+ {[%clk 0:53:05]}
44. Rxd2 {[%clk 0:33:05]} Bg1 {[%clk 0:53:24]} 45. Ke1 {[%clk 0:32:40]} e3 {[%clk
0:52:39]} 46. Re2 {[%clk 0:32:28]} Bf2+ {[%clk 0:52:54]} 47. Kd1 {[%clk 0:31:08]}
Rxg3 {[%clk 0:53:17]} 0-1

[Event "European Women's Championship"]
[Site "Vysoke Tatry"]
[Date "2018.04.13"]
[Round "6"]
[White "Tomilova, Elena"]
[Black "Hoang, Thanh Trang"]
[Result "1/2-1/2"]
[Board "22"]
[WhiteElo "2326"]
[WhiteTitle "WIM"]
[WhiteCountry "RUS"]
[WhiteFideId "4162340"]
[WhiteEloChange "3"]
[BlackElo "2437"]
[BlackTitle "GM"]
[BlackCountry "HUN"]
[BlackFideId "12400149"]
[BlackEloChange "-2"]

1. d4 {[%clk 1:30:59]} e6 {[%clk 1:30:04]} 2. Nf3 {[%clk 1:31:18]} f5 {[%clk
1:30:13]} 3. g3 {[%clk 1:31:38]} Nf6 {[%clk 1:30:34]} 4. Bg2 {[%clk 1:32:02]} d5
{[%clk 1:30:10]} 5. O-O {[%clk 1:32:16]} Bd6 {[%clk 1:30:09]} 6. c4 {[%clk
1:32:37]} c6 {[%clk 1:30:12]} 7. b3 {[%clk 1:32:59]} Qe7 {[%clk 1:29:47]} 8. Bb2
{[%clk 1:32:53]} b6 {[%clk 1:28:39]} 9. Ne5 {[%clk 1:28:36]} Bb7 {[%clk 1:25:01]}
10. Nd2 {[%clk 1:28:05]} O-O {[%clk 1:20:46]} 11. Rc1 {[%clk 1:26:08]} a5 {[%clk
1:17:17]} 12. Ndf3 {[%clk 1:21:28]} Ne4 {[%clk 1:11:27]} 13. Nd3 {[%clk 1:13:31]}
a4 {[%clk 1:06:08]} 14. bxa4 {[%clk 1:08:23]} c5 {[%clk 0:55:28]} 15. Nfe5 {[%clk
1:01:36]} Nc6 {[%clk 0:53:23]} 16. cxd5 {[%clk 0:34:03]} exd5 {[%clk 0:52:44]}
17. Nxc6 {[%clk 0:34:17]} Bxc6 {[%clk 0:52:49]} 18. Qb3 {[%clk 0:27:23]} c4
{[%clk 0:34:23]} 19. Rxc4 {[%clk 0:26:57]} Qb7 {[%clk 0:34:16]} 20. Rxc6 {[%clk
0:25:35]} Qxc6 {[%clk 0:34:38]} 21. Rc1 {[%clk 0:25:38]} Qb7 {[%clk 0:33:32]} 22.
f3 {[%clk 0:16:41]} Nd2 {[%clk 0:31:40]} 23. Qb5 {[%clk 0:14:35]} Ra5 {[%clk
0:26:21]} 24. Qc6 {[%clk 0:14:43]} Qxc6 {[%clk 0:19:25]} 25. Rxc6 {[%clk
0:15:13]} Nc4 {[%clk 0:19:36]} 26. Bc3 {[%clk 0:13:29]} Rxa4 {[%clk 0:19:48]} 27.
f4 {[%clk 0:13:45]} Kh8 {[%clk 0:17:57]} 28. Bxd5 {[%clk 0:13:25]} b5 {[%clk
0:18:15]} 29. Ne5 {[%clk 0:09:20]} Bxe5 {[%clk 0:16:41]} 30. dxe5 {[%clk
0:04:13]} Rxa2 {[%clk 0:16:17]} 31. Kf2 {[%clk 0:04:24]} Rc2 {[%clk 0:13:39]} 32.
Bb4 {[%clk 0:04:25]} Re8 {[%clk 0:11:44]} 33. Bf7 {[%clk 0:03:40]} Nxe5 {[%clk
0:11:34]} 34. fxe5 {[%clk 0:03:46]} Rxc6 {[%clk 0:11:56]} 35. Bxe8 {[%clk
0:04:08]} Re6 {[%clk 0:12:06]} 36. Bf7 {[%clk 0:02:40]} Rxe5 {[%clk 0:12:25]} 37.
e3 {[%clk 0:02:44]} Re4 {[%clk 0:09:53]} 38. Bc3 {[%clk 0:03:06]} Re7 {[%clk
0:08:02]} 39. Bd5 {[%clk 0:02:30]} Rc7 {[%clk 0:08:11]} 40. Bd4 {[%clk 0:31:43]}
Rc2+ {[%clk 0:37:51]} 41. Kf3 {[%clk 0:29:22]} Rxh2 {[%clk 0:34:46]} 42. Be6
{[%clk 0:29:15]} b4 {[%clk 0:31:07]} 43. Bxf5 {[%clk 0:15:08]} b3 {[%clk
0:30:56]} 44. Bc3 {[%clk 0:11:48]} h5 {[%clk 0:25:14]} 45. Be1 {[%clk 0:06:03]}
b2 {[%clk 0:22:23]} 46. Bc3 {[%clk 0:06:07]} Kg8 {[%clk 0:18:34]} 47. Bg6 {[%clk
0:06:14]} Kh8 {[%clk 0:13:13]} 48. Bd3 {[%clk 0:05:38]} Kg8 {[%clk 0:12:31]} 49.
Bg6 {[%clk 0:05:38]} Kh8 {[%clk 0:12:52]} 50. Bd3 {[%clk 0:05:33]} Kg8 {[%clk
0:13:08]} 1/2-1/2

[Event "European Women's Championship"]
[Site "Vysoke Tatry"]
[Date "2018.04.13"]
[Round "6"]
[White "Warakomska, Anna"]
[Black "Zimina, Olga"]
[Result "0-1"]
[Board "23"]
[WhiteElo "2306"]
[WhiteTitle "WIM"]
[WhiteCountry "POL"]
[WhiteFideId "1130790"]
[WhiteEloChange "-7"]
[BlackElo "2414"]
[BlackTitle "IM"]
[BlackCountry "ITA"]
[BlackFideId "4132190"]
[BlackEloChange "3"]

1. e4 {[%clk 1:30:47]} e5 {[%clk 1:30:51]} 2. Nf3 {[%clk 1:31:01]} Nc6 {[%clk
1:31:15]} 3. Bb5 {[%clk 1:30:27]} Nf6 {[%clk 1:31:38]} 4. d3 {[%clk 1:30:03]} Bc5
{[%clk 1:31:58]} 5. Bxc6 {[%clk 1:27:40]} dxc6 {[%clk 1:31:43]} 6. Nbd2 {[%clk
1:26:31]} Be6 {[%clk 1:27:32]} 7. h3 {[%clk 1:15:59]} Nd7 {[%clk 1:26:46]} 8. Nf1
{[%clk 1:09:59]} f6 {[%clk 1:25:53]} 9. Be3 {[%clk 1:07:25]} Qe7 {[%clk 1:24:51]}
10. d4 {[%clk 1:00:18]} exd4 {[%clk 1:19:15]} 11. Nxd4 {[%clk 1:00:41]} O-O-O
{[%clk 1:19:33]} 12. Qe2 {[%clk 0:55:18]} Bxd4 {[%clk 0:48:35]} 13. Bxd4 {[%clk
0:55:43]} Ne5 {[%clk 0:46:14]} 14. O-O-O {[%clk 0:32:33]} Bxa2 {[%clk 0:37:56]}
15. Ne3 {[%clk 0:23:11]} Be6 {[%clk 0:15:52]} 16. f4 {[%clk 0:20:45]} c5 {[%clk
0:16:17]} 17. Bxe5 {[%clk 0:19:27]} fxe5 {[%clk 0:16:06]} 18. fxe5 {[%clk
0:19:55]} Qg5 {[%clk 0:16:20]} 19. Kb1 {[%clk 0:12:20]} Qxe5 {[%clk 0:16:38]} 20.
Ng4 {[%clk 0:11:15]} Qg5 {[%clk 0:14:04]} 21. Nh2 {[%clk 0:06:47]} c4 {[%clk
0:11:56]} 22. Nf3 {[%clk 0:03:48]} Qc5 {[%clk 0:11:11]} 23. c3 {[%clk 0:03:40]}
Bf7 {[%clk 0:11:16]} 24. Nd4 {[%clk 0:01:51]} Bg6 {[%clk 0:10:56]} 25. Qg4+
{[%clk 0:01:47]} Kb8 {[%clk 0:11:06]} 26. Ne6 {[%clk 0:01:44]} Rxd1+ {[%clk
0:10:33]} 27. Rxd1 {[%clk 0:02:10]} Qe5 {[%clk 0:10:28]} 28. Rd4 {[%clk 0:00:56]}
Re8 {[%clk 0:09:07]} 29. Ng5 {[%clk 0:01:04]} h6 {[%clk 0:06:32]} 30. Rd5 {[%clk
0:00:53]} Qxd5 {[%clk 0:06:49]} 0-1

[Event "European Women's Championship"]
[Site "Vysoke Tatry"]
[Date "2018.04.13"]
[Round "6"]
[White "Rapport, Jovana"]
[Black "Melia, Salome"]
[Result "1/2-1/2"]
[Board "24"]
[WhiteElo "2328"]
[WhiteTitle "WGM"]
[WhiteCountry "SRB"]
[WhiteFideId "937266"]
[WhiteEloChange "2"]
[BlackElo "2411"]
[BlackTitle "IM"]
[BlackCountry "GEO"]
[BlackFideId "13602446"]
[BlackEloChange "-1"]

1. d4 {[%clk 1:30:57]} Nf6 {[%clk 1:30:51]} 2. Nf3 {[%clk 1:31:20]} d5 {[%clk
1:30:33]} 3. c4 {[%clk 1:31:19]} e6 {[%clk 1:31:16]} 4. Bg5 {[%clk 1:31:38]} Be7
{[%clk 1:31:28]} 5. Nc3 {[%clk 1:31:49]} O-O {[%clk 1:31:45]} 6. e3 {[%clk
1:32:06]} h6 {[%clk 1:32:08]} 7. Bxf6 {[%clk 1:32:31]} Bxf6 {[%clk 1:32:34]} 8.
Qd2 {[%clk 1:32:56]} Nc6 {[%clk 1:29:53]} 9. Rc1 {[%clk 1:32:50]} a6 {[%clk
1:29:56]} 10. Be2 {[%clk 1:30:59]} dxc4 {[%clk 1:29:06]} 11. Bxc4 {[%clk
1:31:25]} e5 {[%clk 1:29:00]} 12. d5 {[%clk 1:31:42]} Na7 {[%clk 1:28:26]} 13.
O-O {[%clk 1:31:27]} Bg4 {[%clk 1:24:46]} 14. Be2 {[%clk 1:29:09]} Bf5 {[%clk
1:18:17]} 15. Bd3 {[%clk 1:27:03]} Bg4 {[%clk 1:18:36]} 16. Be2 {[%clk 1:27:07]}
Bf5 {[%clk 1:15:45]} 17. Bd3 {[%clk 1:27:06]} Bg4 {[%clk 1:16:07]} 18. Be2 {[%clk
1:25:44]} Bf5 {[%clk 1:10:43]} 19. Bd3 {[%clk 1:25:58]} 1/2-1/2

[Event "European Women's Championship"]
[Site "Vysoke Tatry"]
[Date "2018.04.13"]
[Round "6"]
[White "Ozturk, Kubra"]
[Black "Gaponenko, Inna"]
[Result "1/2-1/2"]
[Board "25"]
[WhiteElo "2295"]
[WhiteTitle "WGM"]
[WhiteCountry "TUR"]
[WhiteFideId "6302599"]
[WhiteEloChange "3"]
[BlackElo "2406"]
[BlackTitle "IM"]
[BlackCountry "UKR"]
[BlackFideId "14101181"]
[BlackEloChange "-2"]

1. d4 {[%clk 1:30:57]} g6 {[%clk 1:30:54]} 2. c4 {[%clk 1:30:46]} Bg7 {[%clk
1:31:18]} 3. e4 {[%clk 1:30:25]} d6 {[%clk 1:29:29]} 4. Nf3 {[%clk 1:30:15]} Bg4
{[%clk 1:24:00]} 5. Be2 {[%clk 1:29:42]} Nc6 {[%clk 1:17:27]} 6. Be3 {[%clk
1:25:46]} e5 {[%clk 1:06:55]} 7. d5 {[%clk 1:23:48]} Bxf3 {[%clk 1:07:07]} 8.
Bxf3 {[%clk 1:23:20]} Nd4 {[%clk 1:07:30]} 9. Bxd4 {[%clk 1:12:08]} exd4 {[%clk
1:07:44]} 10. Nd2 {[%clk 1:12:32]} Ne7 {[%clk 0:34:32]} 11. Nb3 {[%clk 1:12:25]}
c5 {[%clk 0:33:15]} 12. dxc6 {[%clk 1:12:01]} bxc6 {[%clk 0:28:06]} 13. c5 {[%clk
1:01:39]} dxc5 {[%clk 0:28:03]} 14. Rc1 {[%clk 1:01:44]} Qb6 {[%clk 0:14:20]} 15.
Qd2 {[%clk 0:54:51]} a5 {[%clk 0:14:23]} 16. Nxc5 {[%clk 0:51:38]} Qb4 {[%clk
0:13:36]} 17. Rc2 {[%clk 0:48:31]} Bh6 {[%clk 0:06:25]} 18. Qxb4 {[%clk 0:48:52]}
axb4 {[%clk 0:06:54]} 19. b3 {[%clk 0:48:29]} O-O {[%clk 0:07:14]} 20. Ke2 {[%clk
0:45:55]} Ra5 {[%clk 0:07:10]} 21. Rd1 {[%clk 0:26:12]} Rfa8 {[%clk 0:05:26]} 22.
Na4 {[%clk 0:23:25]} c5 {[%clk 0:04:53]} 23. e5 {[%clk 0:20:17]} R8a7 {[%clk
0:02:47]} 24. Kd3 {[%clk 0:13:56]} Bf8 {[%clk 0:00:51]} 25. Rdc1 {[%clk 0:12:59]}
Nf5 {[%clk 0:01:03]} 26. g4 {[%clk 0:10:03]} Nh4 {[%clk 0:00:48]} 27. Be4 {[%clk
0:09:49]} g5 {[%clk 0:01:12]} 28. Nxc5 {[%clk 0:08:58]} Bxc5 {[%clk 0:00:37]} 29.
Rxc5 {[%clk 0:09:25]} Rxa2 {[%clk 0:00:48]} 30. R1c2 {[%clk 0:05:33]} Ng6 {[%clk
0:00:39]} 31. Bxg6 {[%clk 0:04:38]} hxg6 {[%clk 0:01:08]} 32. Kxd4 {[%clk
0:03:51]} Rd7+ {[%clk 0:01:24]} 33. Ke4 {[%clk 0:03:31]} Ra1 {[%clk 0:01:14]} 34.
Rc8+ {[%clk 0:03:02]} Kg7 {[%clk 0:01:22]} 35. R2c7 {[%clk 0:01:20]} Re1+ {[%clk
0:01:27]} 36. Kf3 {[%clk 0:01:49]} Rd3+ {[%clk 0:01:04]} 37. Kg2 {[%clk 0:02:18]}
Rxe5 {[%clk 0:01:17]} 38. Rc4 {[%clk 0:01:09]} Re2 {[%clk 0:00:53]} 39. Rxb4
{[%clk 0:01:12]} Rdd2 {[%clk 0:01:18]} 40. Kg3 {[%clk 0:30:40]} Rxf2 {[%clk
0:31:38]} 41. Rc5 {[%clk 0:25:06]} Rg2+ {[%clk 0:17:21]} 42. Kf3 {[%clk 0:25:30]}
Rxh2 {[%clk 0:17:46]} 43. Rxg5 {[%clk 0:24:49]} Rh3+ {[%clk 0:12:13]} 44. Kf4
{[%clk 0:23:51]} Rf2+ {[%clk 0:10:24]} 45. Ke4 {[%clk 0:24:19]} Rg2 {[%clk
0:05:18]} 46. Kf4 {[%clk 0:22:41]} Rf2+ {[%clk 0:03:44]} 47. Ke4 {[%clk 0:23:10]}
Rg3 {[%clk 0:04:10]} 48. Rb7 {[%clk 0:18:44]} Kh6 {[%clk 0:03:16]} 49. Rc5 {[%clk
0:18:42]} Rxg4+ {[%clk 0:03:27]} 50. Ke3 {[%clk 0:19:11]} Rgf4 {[%clk 0:03:06]}
51. b4 {[%clk 0:19:22]} R2f3+ {[%clk 0:03:10]} 52. Ke2 {[%clk 0:19:51]} Rb3
{[%clk 0:03:32]} 53. b5 {[%clk 0:20:08]} f5 {[%clk 0:01:11]} 54. Rb8 {[%clk
0:15:09]} Kg5 {[%clk 0:01:09]} 55. b6 {[%clk 0:15:07]} Rh4 {[%clk 0:01:23]} 56.
Kd2 {[%clk 0:15:20]} Rh2+ {[%clk 0:01:13]} 57. Kc1 {[%clk 0:15:49]} Rf3 {[%clk
0:00:41]} 58. Rc2 {[%clk 0:16:02]} Rf1+ {[%clk 0:00:38]} 59. Kb2 {[%clk 0:16:31]}
Rh4 {[%clk 0:00:36]} 60. Rg2+ {[%clk 0:14:59]} Kf6 {[%clk 0:01:03]} 61. Rg8
{[%clk 0:13:38]} Rb4+ {[%clk 0:01:08]} 62. Kc3 {[%clk 0:13:55]} Rfb1 {[%clk
0:01:27]} 63. R8xg6+ {[%clk 0:11:09]} Ke5 {[%clk 0:01:43]} 64. Re2+ {[%clk
0:10:10]} Kd5 {[%clk 0:01:44]} 65. Rd2+ {[%clk 0:08:27]} Kc5 {[%clk 0:01:17]} 66.
Kd3 {[%clk 0:05:29]} Rd4+ {[%clk 0:00:37]} 67. Ke2 {[%clk 0:06:15]} Rxd2+ {[%clk
0:00:54]} 68. Kxd2 {[%clk 0:06:44]} Kd5 {[%clk 0:00:38]} 69. Ke3 {[%clk 0:06:48]}
Ke5 {[%clk 0:01:07]} 70. Rc6 {[%clk 0:07:07]} Rb3+ {[%clk 0:01:33]} 71. Kf2
{[%clk 0:06:55]} Kf4 {[%clk 0:02:00]} 72. Rc4+ {[%clk 0:07:16]} Kg5 {[%clk
0:02:26]} 73. Rc6 {[%clk 0:07:33]} Kg4 {[%clk 0:02:46]} 74. Ke2 {[%clk 0:06:14]}
Rb2+ {[%clk 0:02:55]} 75. Kd3 {[%clk 0:06:14]} f4 {[%clk 0:02:47]} 76. Ke4 {[%clk
0:04:36]} Rb4+ {[%clk 0:02:04]} 77. Kd5 {[%clk 0:04:32]} f3 {[%clk 0:02:24]} 78.
Kc5 {[%clk 0:04:47]} Rb1 {[%clk 0:01:08]} 79. Rf6 {[%clk 0:05:08]} 1/2-1/2

[Event "European Women's Championship"]
[Site "Vysoke Tatry"]
[Date "2018.04.13"]
[Round "6"]
[White "Szczepkowska, Karina"]
[Black "Novosadova, Kristyna"]
[Result "1-0"]
[Board "26"]
[WhiteElo "2403"]
[WhiteTitle "IM"]
[WhiteCountry "POL"]
[WhiteFideId "1122681"]
[WhiteEloChange "3"]
[BlackElo "2240"]
[BlackCountry "CZE"]
[BlackFideId "328065"]
[BlackEloChange "-6"]

1. d4 {[%clk 1:30:57]} Nf6 {[%clk 1:30:50]} 2. c4 {[%clk 1:31:08]} g6 {[%clk
1:31:13]} 3. Nc3 {[%clk 1:31:31]} d5 {[%clk 1:31:38]} 4. Qb3 {[%clk 1:30:35]}
dxc4 {[%clk 1:31:47]} 5. Qxc4 {[%clk 1:30:59]} Bg7 {[%clk 1:30:30]} 6. e4 {[%clk
1:29:50]} Nc6 {[%clk 1:29:26]} 7. Nf3 {[%clk 1:25:06]} e5 {[%clk 1:24:34]} 8.
dxe5 {[%clk 1:17:12]} Ng4 {[%clk 1:05:18]} 9. Bg5 {[%clk 1:09:37]} Ngxe5 {[%clk
1:00:05]} 10. Nxe5 {[%clk 1:05:43]} Nxe5 {[%clk 1:00:30]} 11. Qb5+ {[%clk
0:48:42]} c6 {[%clk 0:41:29]} 12. Bxd8 {[%clk 0:48:48]} cxb5 {[%clk 0:41:49]} 13.
Bg5 {[%clk 0:48:35]} a6 {[%clk 0:34:03]} 14. Nd5 {[%clk 0:38:19]} O-O {[%clk
0:29:53]} 15. Nc7 {[%clk 0:35:29]} Rb8 {[%clk 0:26:27]} 16. Be7 {[%clk 0:32:20]}
Nc6 {[%clk 0:26:52]} 17. Bxf8 {[%clk 0:31:52]} Bxb2 {[%clk 0:27:16]} 18. Bd6
{[%clk 0:25:30]} Bc3+ {[%clk 0:24:13]} 19. Ke2 {[%clk 0:22:44]} Bxa1 {[%clk
0:22:26]} 20. Nd5 {[%clk 0:23:10]} Ra8 {[%clk 0:11:06]} 21. Nb6 {[%clk 0:22:25]}
Bg4+ {[%clk 0:11:30]} 22. f3 {[%clk 0:22:50]} Re8 {[%clk 0:09:36]} 23. fxg4
{[%clk 0:22:39]} Rxe4+ {[%clk 0:09:56]} 24. Kf3 {[%clk 0:22:08]} Re6 {[%clk
0:09:16]} 25. Bc7 {[%clk 0:18:54]} Nd4+ {[%clk 0:07:39]} 26. Kf2 {[%clk 0:16:01]}
Rc6 {[%clk 0:04:42]} 27. Bd3 {[%clk 0:13:38]} Nc2 {[%clk 0:01:16]} 28. Nd5 {[%clk
0:13:00]} Bd4+ {[%clk 0:01:27]} 29. Kf3 {[%clk 0:09:11]} Kg7 {[%clk 0:00:47]} 30.
Bf4 {[%clk 0:06:56]} Rc5 {[%clk 0:00:37]} 31. Bxc2 {[%clk 0:06:45]} Rxc2 {[%clk
0:01:05]} 32. Rd1 {[%clk 0:07:09]} Ba7 {[%clk 0:00:59]} 33. Be5+ {[%clk 0:06:58]}
f6 {[%clk 0:00:37]} 34. Nxf6 {[%clk 0:06:48]} Kf7 {[%clk 0:00:40]} 35. Ne4 {[%clk
0:04:44]} Rxa2 {[%clk 0:00:42]} 36. Kf4 {[%clk 0:01:45]} Ra3 {[%clk 0:00:43]} 37.
Rd7+ {[%clk 0:01:05]} Ke6 {[%clk 0:00:49]} 38. Rd6+ {[%clk 0:01:28]} Kf7 {[%clk
0:00:36]} 39. Rf6+ {[%clk 0:01:20]} Ke8 {[%clk 0:00:55]} 40. Nd6+ {[%clk
0:30:42]} Kd7 {[%clk 0:31:02]} 41. Nxb7 {[%clk 0:29:25]} Bg1 {[%clk 0:19:20]} 42.
g3 {[%clk 0:19:13]} b4 {[%clk 0:10:41]} 43. Ke4 {[%clk 0:18:39]} a5 {[%clk
0:04:23]} 44. Nd6 {[%clk 0:12:29]} Re3+ {[%clk 0:02:58]} 45. Kd5 {[%clk 0:11:52]}
Rd3+ {[%clk 0:03:27]} 46. Kc4 {[%clk 0:11:38]} Rd2 {[%clk 0:03:43]} 47. Ne4
{[%clk 0:11:28]} Rd1 {[%clk 0:03:20]} 48. Ra6 {[%clk 0:07:53]} Rc1+ {[%clk
0:03:44]} 49. Kd3 {[%clk 0:07:56]} Rd1+ {[%clk 0:03:51]} 50. Ke2 {[%clk 0:08:09]}
Rc1 {[%clk 0:03:08]} 51. Kd2 {[%clk 0:06:21]} Rc4 {[%clk 0:01:59]} 52. Kd3 {[%clk
0:06:13]} Rc8 {[%clk 0:01:15]} 53. Rxa5 {[%clk 0:05:51]} Kc6 {[%clk 0:01:00]} 54.
Ra1 {[%clk 0:04:40]} Rd8+ {[%clk 0:00:43]} 55. Kc4 {[%clk 0:04:12]} Bb6 {[%clk
0:01:03]} 56. Rf1 {[%clk 0:04:04]} Re8 {[%clk 0:00:35]} 57. Rf6+ {[%clk 0:04:15]}
Kd7 {[%clk 0:01:03]} 58. Kd5 {[%clk 0:03:39]} 1-0